[Event "EU-ch 22nd"]
[Site "Terme Catez"]
[Date "2022.04.01"]
[Round "6"]
[White "Kramer, Julian"]
[Black "Mihov, Filip"]
[Result "1-0"]
[WhiteElo "2423"]
[BlackElo "2255"]
[PlyCount "97"]
[EventDate "2022.03.27"]
[EventType "swiss"]
[EventRounds "11"]
[EventCountry "SLO"]
[SourceTitle "CBM 208"]
[Source "ChessBase"]
[SourceDate "2022.06.30"]
[SourceVersion "1"]
[SourceVersionDate "2022.06.30"]
[SourceQuality "1"]

1. e4 e6 2. d4 d5 3. e5 c5 4. c3 Nc6 5. Nf3 Bd7 6. Be2 f6 7. 0-0 fxe5 8. Nxe5 Nxe5 9. dxe5 Qc7 10. Re1 0-0-0 11. Bf1 h6 12. a4 g5 13. Na3 Bg7 14. Nb5 Bxb5 15. axb5 b6 16. Qg4 Qf7 17. c4 Kb8 18. b4 cxb4 19. cxd5 Rxd5 20. Qxb4 Bf8 21. Qb3 Bc5 22. Be3 Ne7 23. Bc4 Rxe5 24. Bxc5 Rxc5 25. Rxe6 Qf4 26. Rxe7 Qxc4 27. Qxc4 Rxc4 28. Rexa7 Rhc8 29. Ra8+ Kc7 30. Rxc8+ Kxc8 31. g3 h5 32. Ra8+ Kc7 33. Rh8 h4 34. gxh4 gxh4 35. Rh5 Rb4 36. Kg2 Kd7 37. Kh3 Rf4 38. Kg2 Rb4 39. Kf3 Rb3+ 40. Kg4 Rb2 41. Rf5 Ke6 42. h3 Rc2 43. Kg5 Rb2 44. Rf6+ Ke7 45. Rxb6 Rxf2 46. Rb8 Rd2 47. b6 Kd7 48. Rf8 Rg2+ 49. Kxh4 1-0

[Event "EU-ch 22nd"]
[Site "Terme Catez"]
[Date "2022.03.31"]
[Round "5"]
[White "Muradli, Mahammad"]
[Black "Kramer, Julian"]
[Result "1-0"]
[WhiteElo "2537"]
[BlackElo "2423"]
[PlyCount "67"]
[EventDate "2022.03.27"]
[EventType "swiss"]
[EventRounds "11"]
[EventCountry "SLO"]
[SourceTitle "CBM 208"]
[Source "ChessBase"]
[SourceDate "2022.06.30"]
[SourceVersion "1"]
[SourceVersionDate "2022.06.30"]
[SourceQuality "1"]

1. d4 Nf6 2. c4 g6 3. h4 Bg7 4. Nc3 d5 5. h5 0-0 6. hxg6 hxg6 7. Bh6 Bxh6 8. Rxh6 Kg7 9. Qd2 c6 10. Nf3 Bf5 11. Ng5 Rh8 12. Rxh8 Qxh8 13. 0-0-0 b5 14. f3 bxc4 15. e4 Be6 16. g4 Nh7 17. Nxh7 Qxh7 18. Bg2 Kg8 19. f4 dxe4 20. Rh1 Qg7 21. Bxe4 Nd7 22. Bxc6 Rd8 23. f5 Ne5 24. Be4 Rxd4 25. Qxd4 Nd3+ 26. Qxd3 cxd3 27. fxe6 Qd4 28. Rf1 Qe3+ 29. Kb1 f5 30. gxf5 g5 31. f6 exf6 32. e7 Kf7 33. Rxf6+ Kxf6 34. Nd5+ 1-0

[Event "Bundesliga 1920"]
[Site "Germany"]
[Date "2021.10.17"]
[Round "15.6"]
[White "Blohberger, Felix"]
[Black "Kramer, Julian"]
[Result "1/2-1/2"]
[WhiteElo "2434"]
[BlackElo "2408"]
[PlyCount "133"]
[EventDate "2019.11.23"]
[EventType "team-tourn"]
[EventRounds "15"]
[EventCountry "GER"]
[SourceTitle "EXT 2022"]
[Source "ChessBase"]
[SourceDate "2021.10.06"]
[SourceVersion "1"]
[SourceVersionDate "2021.10.06"]
[SourceQuality "1"]
[WhiteTeam "Berlin SF"]
[BlackTeam "Hamburger SK"]
[WhiteTeamCountry "GER"]
[BlackTeamCountry "GER"]

1. c4 g6 2. e4 e5 3. Nf3 Bg7 4. d4 exd4 5. Nxd4 Nf6 6. Nc3 0-0 7. Bd3 c6 8. 0-0 d5 9. exd5 cxd5 10. Bg5 h6 11. Bf4 Nc6 12. Nxc6 bxc6 13. Re1 Ba6 14. cxd5 Bxd3 15. Qxd3 Nxd5 16. Nxd5 Qxd5 17. Qxd5 cxd5 18. Rad1 Rfd8 19. Be5 Rac8 20. Kf1 Rc2 21. Bxg7 Kxg7 22. Re2 Rc7 23. Red2 Rb7 24. Rc1 Rbd7 25. Ke2 Kf6 26. Kd3 Re8 27. Re2 Rxe2 28. Kxe2 Rb7 29. b3 Ke5 30. Kd3 Kd6 31. Rc8 h5 32. Rd8+ Kc6 33. Rc8+ Kd6 34. f3 Rb6 35. Rd8+ Ke6 36. Rc8 Kd6 37. Kc3 Rb7 38. b4 Re7 39. Kd2 Rb7 40. a3 a5 41. bxa5 Rb5 42. Rc1 Rxa5 43. Ra1 Ra4 44. Kc3 Kc5 45. Kb3 Rf4 46. a4 Rb4+ 47. Kc3 Rc4+ 48. Kd3 Kb6 49. Rb1+ Kc6 50. Ra1 Rh4 51. a5 Kb7 52. a6+ Ka7 53. h3 Rb4 54. Ra5 Rb2 55. Rxd5 Rxg2 56. Rd7+ Kxa6 57. Rxf7 Kb5 58. Rf6 Kc5 59. Ke4 Re2+ 60. Kf4 Rg2 61. Re6 g5+ 62. Kf5 Rg3 63. Rg6 Rxf3+ 64. Kxg5 Rxh3 65. Rh6 h4 66. Rxh4 Rxh4 67. Kxh4 1/2-1/2

[Event "NED-chT 2122"]
[Site "Netherlands"]
[Date "2021.10.09"]
[Round "2.1"]
[White "Sokolov, Ivan"]
[Black "Kramer, Julian"]
[Result "1/2-1/2"]
[WhiteElo "2595"]
[BlackElo "2417"]
[PlyCount "122"]
[EventDate "2021.09.18"]
[EventType "team-tourn"]
[EventRounds "9"]
[EventCountry "NED"]
[SourceTitle "EXT 2023"]
[Source "ChessBase"]
[SourceDate "2022.10.05"]
[SourceVersion "1"]
[SourceVersionDate "2022.10.05"]
[SourceQuality "1"]
[WhiteTeam "En Passant"]
[BlackTeam "Groningen Combinatie"]
[WhiteTeamCountry "NED"]
[BlackTeamCountry "NED"]

1. d4 Nf6 2. c4 g6 3. h4 c5 4. dxc5 Na6 5. Nc3 Nxc5 6. h5 gxh5 7. f3 Qc7 8. Nh3 Qg3+ 9. Nf2 d6 10. Be3 Nce4 11. Ncxe4 Nxe4 12. Qd4 Nxf2 13. Bxf2 Bg7 14. Qd5 Qf4 15. e4 a6 16. Rh4 Qf6 17. Rb1 Be6 18. Qd2 Qg6 19. Qe3 Rc8 20. b3 0-0 21. Bd3 b5 22. cxb5 axb5 23. Kf1 Rc3 24. Be1 Rc7 25. a4 bxa4 26. bxa4 Bc4 27. a5 Rfc8 28. Bd2 Bc3 29. Bxc4 Rxc4 30. Bxc3 Rxc3 31. Qf4 e5 32. Qh2 Rc1+ 33. Rxc1 Rxc1+ 34. Kf2 Rc2+ 35. Kg1 Qg5 36. Qh3 Ra2 37. Rxh5 Qe3+ 38. Kh2 Qf4+ 39. Qg3+ Qxg3+ 40. Kxg3 Rxa5 41. Rh6 Ra6 42. Rh1 Kg7 43. Rd1 Kg6 44. Kg4 f6 45. Rd2 Rb6 46. Rd1 h5+ 47. Kh4 f5 48. exf5+ Kxf5 49. Kxh5 Kf4 50. g4 Kxf3 51. g5 Ke2 52. Rd5 e4 53. g6 e3 54. g7 Rb8 55. Rxd6 Rg8 56. Kg6 Kf2 57. Rf6+ Ke1 58. Rf8 Rxg7+ 59. Kxg7 e2 60. Re8 Kd1 61. Rxe2 Kxe2 1/2-1/2

[Event "Pardubice Czech op-A 32nd"]
[Site "Pardubice"]
[Date "2021.07.25"]
[Round "3"]
[White "Stalmach, Richard"]
[Black "Kramer, Julian"]
[Result "1/2-1/2"]
[WhiteElo "2294"]
[BlackElo "2419"]
[PlyCount "137"]
[EventDate "2021.07.23"]
[EventType "swiss"]
[EventRounds "9"]
[EventCountry "CZE"]
[SourceTitle "CBM 203 Extra"]
[Source "ChessBase"]
[SourceDate "2021.09.30"]
[SourceVersion "1"]
[SourceVersionDate "2021.09.30"]
[SourceQuality "1"]

1. c4 g6 2. Nc3 c5 3. g3 Bg7 4. Bg2 Nc6 5. Nf3 d6 6. 0-0 Bf5 7. a3 Qd7 8. d3 Bh3 9. Rb1 Bxg2 10. Kxg2 e6 11. Bf4 Nd4 12. Qc1 Nxf3 13. exf3 f5 14. Re1 Ne7 15. Qe3 Kf7 16. Bh6 Bd4 17. Qd2 Nc6 18. b4 Rhe8 19. Be3 b6 20. Ne2 e5 21. Bxd4 cxd4 22. c5 bxc5 23. bxc5 Rab8 24. f4 Rxb1 25. Rxb1 dxc5 26. Qa2+ Qe6 27. Qxe6+ Kxe6 28. fxe5 Nxe5 29. Nf4+ Kd6 30. h4 h6 31. Rb3 Rc8 32. Kf1 g5 33. hxg5 hxg5 34. Ng2 c4 35. dxc4 Rxc4 36. f4 Rc1+ 37. Ke2 Rc2+ 38. Kf1 Rc1+ 39. Ke2 Rc2+ 40. Kf1 Nc4 41. Ne1 Ra2 42. Rd3 g4 43. Rxd4+ Kc5 44. Rd8 Rxa3 45. Nd3+ Kb6 46. Ke1 Ra1+ 47. Ke2 Ra2+ 48. Ke1 Rd2 49. Rb8+ Kc7 50. Rb3 Rc2 51. Rb5 Rc3 52. Rxf5 Rxd3 53. Rc5+ Kb6 54. Rxc4 Kb5 55. Re4 a5 56. f5 a4 57. Rxg4 a3 58. Rg8 Rd6 59. Rb8+ Rb6 60. Ra8 Ra6 61. Rb8+ Kc4 62. Rb1 a2 63. Ra1 Kd3 64. Kf2 Ke4 65. g4 Kf4 66. f6 Kxg4 67. f7 Rf6+ 68. Ke3 Rxf7 69. Rxa2 1/2-1/2